|
|
|
|
| LEADER |
00000nbm0a2200000 4500 |
| 001 |
127911 |
| 005 |
20231031132435.0 |
| 035 |
|
|
|a (RuTPU)RU\TPU\book\138363
|
| 090 |
|
|
|a 127911
|
| 100 |
|
|
|a 20071221d1975 k y0rusy50 ca
|
| 101 |
0 |
|
|a rus
|
| 102 |
|
|
|a RU
|
| 105 |
|
|
|a a m 001zy
|
| 200 |
1 |
|
|a Режимы и устойчивость компенсированных дальних электропередач переменного тока с промежуточными системами
|e Диссертация на соискание ученой степени кандидата технических наук
|f И. А. Безлер
|g Томский политехнический институт ; науч. рук. Р. И. Борисов
|
| 210 |
|
|
|a Томск
|d 1975
|
| 215 |
|
|
|a 185 л.
|c ил.
|
| 320 |
|
|
|a Библиогр.: с. 184-185 (119 назв.)
|
| 610 |
1 |
|
|a переменный ток
|
| 610 |
1 |
|
|a электропередача
|
| 610 |
1 |
|
|a промежуточные системы
|
| 610 |
1 |
|
|a устойчивость
|
| 610 |
1 |
|
|a режимы
|
| 610 |
1 |
|
|a Единая энергетическая система
|
| 610 |
1 |
|
|a особенности
|
| 610 |
1 |
|
|a параметры
|
| 610 |
1 |
|
|a технико-экономические характеристики
|
| 675 |
|
|
|a 621.315.1.024(04)
|v 3
|
| 700 |
|
1 |
|a Безлер
|b И. А.
|
| 702 |
|
1 |
|a Борисов
|b Р. И.
|4 727
|
| 712 |
0 |
2 |
|a Томский политехнический институт
|z 1944-1991
|2 stltpush
|3 (RuTPU)RU\TPU\col\1123
|
| 801 |
|
1 |
|a RU
|b 63413507
|c 20071221
|g PSBO
|
| 801 |
|
2 |
|a RU
|b 63413507
|c 20071224
|g PSBO
|
| 942 |
|
|
|c BK
|